Statistiques concernant Culture Générale - Série 1452

Cliquez ici pour prendre le quiz!

Statistiques générales

  • Ce quiz a été pris 81 fois
  • Le résultat moyen est 7 sur 10

Statistiques - réponses

QuestionRéponse% Correct
De quel animal domestique le jars est-il le mâle ?oie
92%
Par convention, sur un robinet de lavabo l'eau chaude est symbolisée par du rouge et l'eau froide est symbolisée par du...bleu
92%
D'après la Convention des Nations Unies, de quel pays le sigle "AUS", apposé sur les voitures, est-il le code ?Australie
91%
En France, en quelle année fut promulguée la loi instituant les congés payés annuels ?1936
88%
Comment appelle-t-on traditionnellement les joueurs du Football Club de Bordeaux ?Girondins
76%
Quel cycliste français s'est classé 3 fois 2e et 5 fois 3e du Tour de France entre 1962 et 1976 ?Raymond Poulidor
74%
Dans le roman de Dumas, lequel des Trois Mousquetaires est le premier mari de Milady ?Athos
70%
De qui Alfred de Musset a-t-il écrit "Les Caprices" en 1833 ?Marianne
51%
Quel cycliste espagnol a remporté son deuxième Tour de France en 2009 ?Alberto Contador
33%
Quel président des États-Unis acheta la Louisiane à la France, en 1803 ?Thomas Jefferson
33%

Distribution des résultats

Percentile par nombre de réponses

% des personnes avec chaque résultat

Votre développement - résultats

Vous n’avez pas pris ce quiz